1119 1477 1521 1964 1887 1966 1996 1557 1644 1943 1994 1612 1304 1094 1517 1379 1836 1392 1723 1567 1858 1444 1013 1454 1685 1542 1424 1572 1999 1511 1605 1151 1745 1798 1901 1077 1898 1610 1523 1569 1461 1887 1265 1613 1125 1779 1013 1171 1475 1226 1333 1132 1825 1142 1808 1557 1823 1153 1903 1352 1891 1759 1062 1663 1898 1912 1192 1462 1788 1365 1316 1863 1365 1227 1783 1295 1711 1577 1984 1310 1127 1111 1265 1337 1178 1648 1624 1633 1527 1256 1441 1983 1605 1925 1798 1469 1456 1245 1154 BCNSPRNW ULIB Ver.6.0+V

เปลี่ยนเป็นภาษาไทย

Change to English
 แสดงรายละเอียดบรรณานุกรม
  กลับหน้าหลัก

Brief Record : Get Marc (ISO 2709) : E-mail record : QR code < ปิดหน้าต่าง
LEADER : 00000nam 2200000uu 4500
001    13399109880
003     ULIB
008    110418s2551||||th 000 0 tha d
020    9789744221194
060 04 WD220^bช642ก 2551
100 0  ชูเกียรติ เกียรติขจรกุล
245 10 การดูแลรักษาผู้ป่วยเด็กที่มีปัญหาทางด้านสารน้ำและelectrolyte /^cชูเกียรติ เกียรติขจรกุล
250    ฉบับปรับปรุงใหม่
260    กรุงเทพฯ :^bสถาบันสุขภาพเด็กแห่งชาติมหาราชินี กรมการแพทย์กระทรวงสาธารณสุข,^c2551
300    212 หน้า :^bภาพประกอบ ;^c26 ซม.
650  7 สารน้ำในร่างกาย^xในวัยทารกและวัยเด็ก
650  7 สารน้ำในร่างกายผิดปกติ^xในวัยทารกและวัยเด็ก
650  7 การรักษาด้วยสารน้ำ^xในวัยทารกและวัยเด็ก
650  7 อีเล็คโตรลัยท์^xในวัยทารกและวัยเด็ก
650  7 น้ำ-อีเล็คโตรลัยท์ไม่สมดุล^xในวัยทารกและวัยเด็ก
710 2  กรมการแพทย์. ^bสถาบันสุขภาพเด็กแห่งชาติมหาราชนี
945    ^p0^l0^i026242
945    ^p0^l0^i026155
945    ^p0^l0^i026153
945    ^p0^l0^i025486
945    ^p0^l0^i025484
945    ^p0^l0^i025482
945    ^p0^l0^i025481
945    ^p0^l0^i026243
945    ^p0^l0^i026156
945    ^p0^l0^i026154
945    ^p0^l0^i025487
945    ^p0^l0^i025485
945    ^p0^l0^i025483
995    ทศพร
999 ^a ใช้งานได้ทุกระบบ
รายการนี้ยังไม่มีแท็ก
คุณยังไม่ได้ล็อกอิน คุณสามารถมีกิจกรรมร่วมกับเว็บไซต์ได้ แต่ต้องล็อกอินก่อน ::
  ล็อกอิน

รายการสื่อสารสนเทศ

ลำดับที่ ประเภท เลขเรียก/บาร์โค้ด สถานที่ สถานะ
- ไม่พบข้อมูล -

รายการใกล้เคียง
    ผู้แต่ง [ชูเกียรติ เกียรติขจรกุล]

BibComment


ยังไม่เคยถูกคอมเมนท์

คอมเมนท์ทรัพยากรรายการนี้
  คอมเมนท์: การดูแลรักษาผู้ป่..


 Copyright 2026. Bcnsprnw @Library